000
00300 a2200145 4500
001
164433
020
_a
040
_c
Magnum
100
_a
Guzzo, Raquel Souza Lobo
240
1
0
_a
Psicologia escolar
_l
por
245
1
0
_a
Psicologia escolar
362
0
_a
1899
697
_a
PSICOLOGIA
942
_c
BK
999
_c
164433
_d
164433